Clubs pro par région : Normandie et Île-de-France - Statistiques

Statistiques générales
  • Ce quiz a été pris 99 fois
  • Le résultat moyen est 7 sur 10
Statistiques - réponses
Région Dernière année Club % Correct
Île-de-France 2024 Paris Saint-Germain
99%
Île-de-France 2024 Paris FC
98%
Normandie 2024 SM Caen
88%
Île-de-France 2024 Red Star
87%
Normandie 2024 Le Havre AC
86%
Normandie 2004 FC Rouen
84%
Normandie 2024 Quevilly Rouen Métropole
65%
Île-de-France 2016 US Créteil-Lusitanos
54%
Île-de-France 1990 Racing Club de France
44%
Île-de-France 1967 Stade français
19%
Aucun quiz correspondant
Distribution des résultats
% des personnes avec chaque résultat
Percentile par nombre de réponses
Votre historique - résultats
Vous n’avez pas pris ce quiz